| 000 | 00724cab a2200229 4500 | ||
|---|---|---|---|
| 001 | ABS46827 | ||
| 008 | 090401t1992 xxu||||| |||| 00| 0 eng d | ||
| 035 | _a(Sirsi) u59603 | ||
| 041 | _aeng | ||
| 100 | _aAldridge, T.M. | ||
| 245 | _aSecond edition thoughts | ||
| 260 | _c1992 | ||
| 350 | _a0 | ||
| 490 |
_aLaw Society`s Gazette _v89(38) 22 July 1992, 23-24(2) |
||
| 520 | _aReviews changes to the second edition of the standard conditions of sale covering the service of notices, exchange of contracts, title and completion. | ||
| 650 | _aCONVEYANCING | ||
| 650 | _aEXCHANGE OF CONTRACTS | ||
| 650 | _aSTANDARD CONDITIONS OF SALE | ||
| 690 | _aPROPERTY LAW AND PRACTICE | ||
| 942 | _n0 | ||
| 948 | _c04/03/1997 | ||
| 999 |
_c36588 _d36588 |
||